Ubuntu 10.04 lueid linux ubuntu netbook edition (Record no. 139490)

000 -LEADER
fixed length control field 00265nmm a2200097Ia 4500
008 - FIXED-LENGTH DATA ELEMENTS--GENERAL INFORMATION
fixed length control field 220120s9999||||xx |||||||||||||||||und||
020 ## - INTERNATIONAL STANDARD BOOK NUMBER
International Standard Book Number 81-318-0080-6
100 ## - MAIN ENTRY--PERSONAL NAME
Personal name LFY June 2010
245 #0 - TITLE STATEMENT
Title Ubuntu 10.04 lueid linux ubuntu netbook edition
260 ## - PUBLICATION, DISTRIBUTION, ETC.
Place of publication, distribution, etc. EFY
Name of publisher, distributor, etc. Bangalore
Holdings
Withdrawn status Lost status Damaged status Not for loan Home library Current library Date acquired Barcode Date last seen Price effective from Koha item type
        Central Library Central Library 01/20/2022 CD1041 01/20/2022 01/20/2022 Compact Disc

Powered by Koha